000 00304nam a22001217a 4500
005 20230726121013.0
008 230726b |||||||| |||| 00| 0 eng d
041 _aeng
100 _aNLC BHARAT
_97877
245 _aTRYST WITH PEOPLE : PREAMBLES OF CONSTITUTION IN THE WORLD
300 _a173;p
942 _cBK
999 _c8338
_d8336